Legacy of ashes : the history of the CIA

Αποθηκεύτηκε σε:
Λεπτομέρειες βιβλιογραφικής εγγραφής
Κύριος συγγραφέας: Weiner, Tim
Μορφή: Βιβλίο
Γλώσσα:English
Δημοσίευση: New York : Doubleday, 2007.
Θέματα:
Ετικέτες: Προσθήκη ετικέτας
Δεν υπάρχουν, Καταχωρήστε ετικέτα πρώτοι!

MARC

LEADER 00000cam a2200000 a 4500
001 1/123649
008 211007s2007####nyuo|||||| |||| ||eng||
020 |a 9780385514453 
040 |a GR-MyUa  |b gre  |c GR-MyUa  |e AACR2 
041 0 |a eng 
082 7 |a 327.1  |2 (23) 
100 1 |a Weiner, Tim. 
245 1 0 |a Legacy of ashes :   |b the history of the CIA /   |c Tim Weiner.  
260 |a New York :   |b Doubleday,   |c 2007.  
300 |a 702 σ. :   |b φωτ. ;   |c 25 εκ.  
651 0 |a United States. Central Intelligence Agency   |x History. 
651 0 |a United States   |x History   |y 1945- 
852 |a INST  |b LESVOS  |e 20211007  |h 327.1 WEI  |p 005100063144  |q 005100063144  |t BK  |y 0 
970 |a Καμάτσου  |b Δέσποινα  |z 07-10-21